Imagination and meaning : the scholarly and literary worlds of Mircea Eliade /

Bibliographic Details
Other Authors: Girardot, N. J., Ricketts, Mac Linscott
Format: Book
Language:English
Published: New York : Seabury Press, 1982.
Subjects:

MARC

Tag First Indicator Second Indicator Subfields
LEADER 00000pam a2200000 a 4500
001 in00000083415
005 20151008061250.0
008 810729s1982 nyu b 00100 eng
010 |a  81013535  
020 |a 0816423717 (pbk.) :  |c $11.95 
020 |z 0816405050 
035 |a (OCoLC)07741459 
035 |9 AAJ7688AM 
040 |a DLC  |c DLC  |d TXA  |d UtOrBLW 
049 |a TXAM  |c [1362321] 
050 0 0 |a BL43.E4  |b I4 1982 
082 0 |a 291/.092/4  |2 19 
245 0 0 |a Imagination and meaning :  |b the scholarly and literary worlds of Mircea Eliade /  |c edited by Norman J. Girardot and Mac Linscott Ricketts. 
264 1 |a New York :  |b Seabury Press,  |c 1982. 
300 |a x, 214 pages ;  |c 23 cm. 
336 |a text  |b txt  |2 rdacontent 
337 |a unmediated  |b n  |2 rdamedia 
338 |a volume  |b nc  |2 rdacarrier 
504 |a Includes bibliographical references and index. 
600 1 0 |a Eliade, Mircea,  |d 1907-1986. 
700 1 |a Girardot, N. J. 
700 1 |a Ricketts, Mac Linscott. 
999 |a MARS 
999 f f |s 684c76d8-e391-36a0-b8b6-61db1223bca0  |i fa8b7c51-acb7-3999-8709-cf1157f292dc  |t 0 
952 f f |p ric  |a Texas A&M University  |b Rellis Campus  |c Joint Library Facility  |d Remote Storage  |t 0  |e BL43.E4 I4 1982  |h Library of Congress classification  |i unmediated -- volume  |m A14806089156 
998 f f |a BL43.E4 I4 1982  |t 0  |l Remote Storage